000 00493nam a22001337a 4500
040 _cNUST
082 _a153.43,GRE
100 _aGreetham, Bryan
_9104276
245 _aSmart Thinking:
_bHow to Think Conceptually, Design Solutions and Make Decisions /
_cBryan Greetham
260 _achina
_bSpringer
_cc2016
300 _axii,313 .P
505 _aIntroduction (Page-1), Conceptual Thinking (Page-410, Creative Thinking (Page-121), Making Decisions (Page-219).
942 _2ddc
_cBK
_m153.43,GRE
999 _c592610
_d592610